| 000 | 01272nam a2200349Ia 4500 | ||
|---|---|---|---|
| 001 | Z_7059 | ||
| 003 | CHAP | ||
| 005 | 20230125145118.0 | ||
| 008 | 220113s2017 xx 000 0 und d | ||
| 010 | _a170332 | ||
| 040 | _cCHAP | ||
| 090 | _aTesis S67 2627 | ||
| 100 |
_aSoriano Varela, Victor Adrian _9133157 |
||
| 245 |
_aEstado productivo y reproductivo de un establo representativo de Zumpango, Estado de México / _cVictor Adrian Soriano Varela |
||
| 260 |
_aMéxico : _bEl autor, _c2017 |
||
| 300 | _a67 p | ||
| 502 | _aTesis (Ingeniero Agrónomo Especialista en Zootecnia) -- UACh, 2017 \ Dirección: Carlos Antonio Apodaca Sarabia; asesoría: Rayumundo Rangel Santos y José Luis Zaragoza Ramírez | ||
| 650 |
_aBienestar animal _912634 |
||
| 650 |
_aCurvas lactancia _9146656 |
||
| 650 |
_aGanado bovino _9138033 |
||
| 650 |
_aPersistencia _9146657 |
||
| 650 |
_aProducción de leche _9144340 |
||
| 700 |
_a Rangel Santos, Raymundo, asesor _9144046 |
||
| 700 | _a Zaragoza Ramirez, José Luis, asesor | ||
| 700 |
_aApodaca Sarabia, Carlos Antonio, director _9145507 |
||
| 856 | 4 | 2 |
_uhttp://10.13.5.2/tesis/sist113655.pdf _yDescargar PDF |
| 901 | _aTESIS S67 2627 | ||
| 902 | _aM | ||
| 910 | _a2017 | ||
| 942 |
_c2 _2ddc |
||
| 942 |
_c2 _2ddc |
||
| 999 |
_c170332 _d170332 |
||